000 02987nam a2200421 4500
999 _c6558
_d6558
003 OSt
005 20260421124135.0
008 190228c xxuf||p| |||| 00| 0 spa d
020 _a9789873047527
040 _cPJ
245 1 0 _aRevista de derecho procesal :
_bConstitución y proceso. Balance de los 30 años de la reforma - II /
_ceditor Roland Arazi...[et al.]
260 _aSanta Fe:
_bRubinzal-Culzoni,
_c2024.
300 _a711 p.
_c23 cm.
310 _asemestral
362 _aNo. 1 (2023)
505 _tConstitución. preguntas, declaraciones y efectividad /
_r Enrique M. Falcón.
505 _tDemocracia y reformas constitucionales en la argentina - interrogantes y respuestas acerca de su eficacia /
_rAdelina Loian.
505 _tEl proceso de constitucionalización del derecho procesal constitucional en la reforma de 1994 /
_r Marcelo Alberto López Alfonsín.
505 _tCrisis y perspectivas del acceso a la justicia /
_rRoberto O. Berizonce.
505 _tEl vértice estrellado - la imperiosa necesidad de discutir el rol de la corte suprema de justicia de la nación /
_rJosé María Salgado.
505 _tLas acciones positivas a treinta años de su recepción constitucional /
_rPatricia Bermejo.
505 _tEl procurador general de la nación no es parte en el proceso /
_rTristán Gómez Zavaglia.
505 _tLos litigios colectivos más allá de “halabi” y de la acordada 12/2016 /
_rCarlos J. Laplacette.
505 _tAntecedentes para la regulación del amparo /
_r Jorge A. Rojas.
505 _tHábeas data: las fuentes periodísticas y las bases de datos de información periodística /
_rMario Masciotra.
505 _tLa reforma constitucional de 1994 y el principio de transparencia activa en el sistema de justicia /
_r Leandro Giannini, Diego Martínez, juliana delle Ville, Leandro Antonelli y Julián Grigera.
505 _tDerecho del consumidor y proceso judicial: balance a treinta años de la reforma constitucional /
_rAgustín Velasco y Tomás Marino.
505 _tEl proceso de consumo: situación actual y prospectiva - el impacto de la reforma constitucional de 1994 /
_rCarlos A. Herná dez.
505 _tPrincipios del derecho procesal de las familias: tutela judicial efectiva y acceso a justicia de personas en situación de vulnerabilidad /
_rNatalia de la Torre.
505 _tDerecho al recurso en el cppf a partir de las decisiones de la corte idh /
_r Ángela Ester Ledesma.
505 _tJuicio por jurados: mayor diversidad que en la justicia técnica - reflexiones a 30 años de vigencia de la reforma constitucional de 1994 y en vista de la futura rg del comité de la cedaw /
_rAnalía Verónica Reyes.
650 0 _9267
_aDERECHO PROCESAL
700 _91980
_aArazi, Roland
_edirector
700 _9119
_aBerizonce, Roberto Omar
_edirector
700 _aFalcón, Enrique Manuel
_edirector
_9270
700 _92135
_aPeyrano, Jorge Walter
_edirector
942 _2udc
_cPP
_h347.9(05)
_iREV